00393nam a2200145Ia 450000500170000000800410001702000150005805000250007310000280009824500380012626000350016430000330019952100070023252600080023920140311163136.0140130s9999 xx 000 0 und d a0439876419 aQC 955.2b.M379 2006 aMartin, Justine McCory  cMartin, Justine McCoryaTornadoes bScholastic,c2006.aNew York : a16 p. :bcol. ill. ;c22 cm. aG6 c810